000 00667nam a2200205 i 4500
001 188295
003 ES-MaACL
005 20230906223149.0
008 180723s1968 xxk |||| | eng d
080 _a821.111.09"18"
245 0 0 _aFrom Dickens to Hardy /
_cedited by Boris Ford.
260 _aLondon :
_bPenguin Books,
_c[1968]
300 _a517 p. ;
_c18 cm.
490 1 _aThe Pelican guide to English literature ;
_v6
650 4 _aLiteratura inglesa-
_yS.XIX-
_xHistoria y crítica.
_9168415
700 1 _aFord, Boris.
_9165251
830 0 _aThe Pelican guide to English literature ;
_v6
_9193025
852 _aES-MaACL
_jL-32128
999 _c188295
_d188295